| 000 | 01142nam a2200265Ia 4500 | ||
|---|---|---|---|
| 999 |
_c52947 _d52947 |
||
| 001 | 19978 | ||
| 003 | GE_BSU | ||
| 005 | 20200524221722.0 | ||
| 008 | 181216s1999||||ge |||||||||||||| ||geo|| | ||
| 020 | _a99928-52-14-3 | ||
| 040 | _cGE_BSU | ||
| 041 | _ageo | ||
| 080 | _a81'374.25=353.1 ჭ-12 | ||
| 100 |
_aჭაბაშვილი, მიხეილ _98169 |
||
| 245 |
_aუცხო სიტყვათა სასკოლო ლექსიკონი / _cმიხეილ ჭაბაშვილი ; ნოდარ ლადარიას რედაქციით |
||
| 250 | _aI-ლი გამოცემა | ||
| 264 |
_aთბილისი : _bბაკურ სულაკაურის გამ-ბა, _c1999. |
||
| 300 |
_a243 გვ. ; _c22 სმ. |
||
| 490 | _aსასკოლო გამოცემა | ||
| 541 | _h12 ლ. | ||
| 653 | _aუცხო სიტყვათა სასკოლო ლექსიკონი | ||
| 653 | _aქართული ენა | ||
| 700 |
_aლადარია, ნოდარ _eრედაქტორი _98170 |
||
| 942 |
_cBK _2udc |
||